000 00694cam a22002533u 4500
001 8565610
003 OSt
005 20170105103507.0
006 m d
007 cr n
008 110315s1953 ||||||||s|||||||| ||||| d
020 _a978-81-8356-563-9
040 _aASAB
_cASAB
_dASAB
082 _a611
100 1 _aM. Prakash
_91108
210 1 0 _aCytochemistry
245 1 0 _aCytochemistry
_cM. Prakash
260 _anew delhi
_b Discovery publishing house pvt ltd.
_c1953.
300 _a275
500 _aTitle from content provider.
506 _aLicense restrictions may limit access.
910 _aSerials Solutions supplemental brief record
942 _2ddc
_cBK
999 _c17320
_d17320